01136nam a2200325 i 450000100060000000300090000600500170001500800390003201500170007104000410008804100130012904600090014208000110015124500760016224600740023826000560031230000330036838000160040138800140041750400360043165000140046765000230048165000280050465000230053265800150055570000480057070000520061871000420067085600980071212279KOSZ 00520220117102116.0071230s1967 pl a f 001 0 pol aPB 1967/5392 aWA NcWA NdKOSZ 005/RWdKOSZ 005/HR1 apolhrus k1967 a519.2400aMetoda Monte Carlo /cN. P. Buslenko [et al.] ; [tł. K. Bieńkowska].1 iTyt. oryg. :aMetod statističeskich ispytanij :bMetod Monte-Karlo. aWarszawa :bPaństwowe Wydawnictwo Naukowe,c1967. a302, [1] s. :bil. ;c23 cm. aKsiążki a1901-2000 aBibliogr. s. [293]-296. Indeks. 4aKomputery 4aMetoda Monte Carlo 4aStatystyka matematyczna 4aAnaliza numeryczna aMatematyka1 aBuslenko, Nikolaj Pantelejmonovič.eAutor1 aBieńkowska-Lipińska, KrystynaeTłumaczenie2 aPaństwowe Wydawnictwo Naukowe4pbl. uhttp://koha.tu.koszalin.pl/cgi-bin/koha/opac-detail.pl?biblionumber=12279yKatalog online BPK